Seinfeld Writers - Statistics

General Stats
  • This quiz has been taken 30 times
  • The average score is 9 of 46
Answer Stats
Amount Writer % Correct
18 Jerry Seinfeld
100%
56 Larry David
100%
18 Larry Charles
48%
14 Alec Berg
35%
6 Carol Leifer
35%
9 David Mandel
35%
6 Jennifer Crittenden
30%
13 Max Pross
30%
12 Andy Robin
26%
14 Jeff Schaffer
26%
21 Peter Mehlman
26%
13 Tom Gammill
26%
3 Elaine Pope
22%
10 Gregg Kavet
22%
1 Jonathan Gross
22%
4 Marjorie Gross
22%
9 Spike Feresten
22%
6 Steve Koren
22%
1 Bob Farrelly
17%
6 Dan O'Keefe
17%
4 Darin Henry
17%
2 Fred Stoller
17%
1 Peter Farrelly
17%
3 Tom Leopold
17%
2 Charlie Rubin
13%
1 Greg Daniels
13%
3 Bruce Kirschbaum
9%
2 Matt Goldman
9%
1 Steve Lookner
9%
1 Andy Cowan
4%
3 Bill Masters
4%
1 Billy Kimball
4%
2 Bob Shaw
4%
3 Bruce Eric Kaplan
4%
1 Don McEnery
4%
1 Jill Franklyn
4%
1 Jon Hayman
4%
1 Kit Boss
4%
1 Larry Levin
4%
1 Lawrence H. Levy
4%
3 Marc Jaffe
4%
1 Matt Selman
4%
2 Ron Hauge
4%
2 Sam Kass
4%
2 Steve O'Donnell
4%
1 Steve Skrovan
4%
No matching quizzes found
Score Distribution
Percent of People with Each Score
Percentile by Number Answered
Your Score History
You have not taken this quiz